• 首页
  • 本馆介绍
  • 公告通知
  • 最新文献
  • 馆藏检索
  • 电子资源
  • 读者导购
  • 参考咨询
  • 我的图书馆
  • 登录
  • 详细信息显示
  • 放入我的书架
  • 预约/预借图书
  • 作者相关作品
  • 分类相关作品
  • 丛书相关作品
  • 出版社相关作品

书目信息

  • 表格格式
  • 工作单格式
  • 卡片格式
题名:
畜牧业经济与管理
    
 
作者: ;黑龙江省北安农业学校 主编
分册:  
出版信息: 北京   中国农业出版社  1995
页数: 316页
开本: 19cm
丛书名:
单 册:
中图分类: F307.3
科图分类:
主题词: 畜牧业经济--经济管理--农业中学--教材
电子资源:
ISBN: 7-109-03355-4
000 00770nam0 2200241 450
001 0100500219
005 20100726112951.0
010    @a7-109-03355-4@dCNY9.80
011    @a7-109-03355-4
100    @a20021005d1995 em y0chiy0110 ea
101 0  @achi
102    @aCN@b110000
105    @ay z 000yy
106    @ar
200 1  @a畜牧业经济与管理@9Xu;Chu Mu Ye Jing Ji Yu Guan Li @f黑龙江省北安农业学校主编@b专著
210    @a北京@c中国农业出版社@d1995
215    @a316页@d19cm
300    @a全国中等农业学校教材 畜牧兽医专业用
606 0  @a畜牧业经济@x经济管理@x农业中学@x教材
690    @aF307.3@v3
711 02 @a黑龙江省北安农业学校@9hei long jiang sheng bei an nong ye xue xiao@4主编
801  0 @aCN@bAiZhiMarc@c19950513
905    @aBZT@dF307.3@e1@f34@sF307.3/1
    
    畜牧业经济与管理/黑龙江省北安农业学校主编.-北京:中国农业出版社,1995
    316页;19cm
    全国中等农业学校教材 畜牧兽医专业用
    
    ISBN 7-109-03355-4:CNY9.80
    
●
相关链接 在五车中查询图书 在当当中查询图书 在豆瓣中查询图书


正题名:畜牧业经济与管理     索取号:F307.3/1         预约/预借

序号 登录号 条形码 馆藏地/架位号 状态 备注
1 2000052250   2000052250   旧书回溯/ [索取号:F307.3/1] 在馆    
2 2000052257   2000052257   旧书回溯/ [索取号:F307.3/1] 在馆    
3 2000053161   2000053161   旧书回溯/ [索取号:F307.3/1] 在馆    
4 2000053162   2000053162   旧书回溯/ [索取号:F307.3/1] 在馆    
5 2000053163   2000053163   旧书回溯/ [索取号:F307.3/1] 在馆    
6 2000053164   2000053164   旧书回溯/ [索取号:F307.3/1] 在馆    
7 2000053165   2000053165   旧书回溯/ [索取号:F307.3/1] 在馆    
8 2000053170   2000053170   旧书回溯/ [索取号:F307.3/1] 在馆    
9 2000054422   2000054422   旧书回溯/ [索取号:F307.3/1] 在馆    
10 2000056080   2000056080   旧书回溯/ [索取号:F307.3/1] 在馆    
11 2000056081   2000056081   旧书回溯/ [索取号:F307.3/1] 在馆    
12 2000056082   2000056082   旧书回溯/ [索取号:F307.3/1] 在馆    
13 2000056083   2000056083   旧书回溯/ [索取号:F307.3/1] 在馆    
14 2000056084   2000056084   旧书回溯/ [索取号:F307.3/1] 在馆    
15 2000056085   2000056085   旧书回溯/ [索取号:F307.3/1] 在馆    
16 2000056493   2000056493   旧书回溯/ [索取号:F307.3/1] 在馆    
17 2000061016   2000061016   旧书回溯/ [索取号:F307.3/1] 在馆    
18 2000061017   2000061017   旧书回溯/ [索取号:F307.3/1] 在馆    
19 2000061018   2000061018   旧书回溯/ [索取号:F307.3/1] 在馆    
20 2000061019   2000061019   旧书回溯/ [索取号:F307.3/1] 在馆    
21 2000061020   2000061020   旧书回溯/ [索取号:F307.3/1] 在馆    
22 2000063304   2000063304   旧书回溯/ [索取号:F307.3/1] 在馆    
23 2000063305   2000063305   旧书回溯/ [索取号:F307.3/1] 在馆    
24 2000064048   2000064048   旧书回溯/ [索取号:F307.3/1] 在馆    
25 2000064049   2000064049   旧书回溯/ [索取号:F307.3/1] 在馆    
26 2000071056   2000071056   旧书回溯/ [索取号:F307.3/1] 在馆    
27 2000071057   2000071057   旧书回溯/ [索取号:F307.3/1] 在馆    
28 2000071124   2000071124   旧书回溯/ [索取号:F307.3/1] 在馆    
29 2000071125   2000071125   旧书回溯/ [索取号:F307.3/1] 在馆    
30 2000071126   2000071126   旧书回溯/ [索取号:F307.3/1] 在馆    
31 2000071127   2000071127   旧书回溯/ [索取号:F307.3/1] 在馆    
32 2000071128   2000071128   旧书回溯/ [索取号:F307.3/1] 在馆    
33 2000071159   2000071159   旧书回溯/ [索取号:F307.3/1] 在馆    
34 2000131048   2000131048   旧书回溯/ [索取号:F307.3/1] 在馆    
山东省滨州职业学院图书馆 欢迎您!
大连网信软件有限公司© 版权所有